000 00689nam a2200289Ia 4500
005 20260324145441.0
008 008 260324s9999 xx 000 0 eng d
020 _a9781315758060
037 _aEBOOK
040 _aCRL
040 _beng
040 _cCRL
041 _2eng
041 _aeng
084 _qCRL
100 _aGeorge P. Landow
245 0 _aImages of Crisis (Routledge Revivals)
245 0 _bLiterary Iconology, 1750 to the Present
260 _bTaylor and Francis
260 _c1982
365 _a
365 _b240
856 _uhttp://www.taylorfrancis.com/books/9781315758060
942 _cEBOOK
999 _c1830931
_d1830931